Szczegóły MARC21

Geschichte und Melancholie : über Heinrich Bölls Roman Frauen vor Flußlandschaft /

003 -Nazwa inst., której nr kontr. jest w polu 001 [,]
    • @
    • Nazwa instytucji, której n kontrolny jest w polu 001
    • NUKAT
005 -DATA I CZAS OSTATNIEJ MODYFIKACJI [,]
    • @
    • pole kontrolne
    • 20241231104621.0
020 -Międzynarod. znormalizowany nr książki - ISBN [ , ]
    • a
    • Numer ISBN
    • 3462024388 Find
040 -Instytucja sporządzająca opis [ , ]
    • a
    • Instytucja, która sporządziła opis (NP)
    • SZCZ U/AB
    • b
    • Język katalogowania
    • pol
    • e
    • Zasady katalogowania
    • rda
    • c
    • Instytucja, która sporządziła rekord (NP)
    • SZCZ U/ABs
942 -Rodzaj dokumentu [ , ]
    • c
    • Rodzaj dokumentu
    • Książka
245 -Strefa tytułu i oznaczenia odpowiedzialności [0,0]
    • a
    • Tytuł
    • Geschichte und Melancholie : Find
    • b
    • Ciąg dalszy tytułu (NP)
    • über Heinrich Bölls Roman Frauen vor Flußlandschaft / Find
    • c
    • Pozostałe elementy strefy tytułu i oznaczenia odpowiedzialności (NP)
    • herausgegeben von Árpád Bernáth.
246 -Wariant tytułu [1,8]
    • a
    • Tytuł (NP)
    • Geschichte und Melancholie
250 -Strefa wydania [ , ]
    • a
    • Oznaczenie wydania (NP)
    • 1. Auflage.
260 -Strefa adresu wydawniczego [ , ]
    • a
    • Miejsce wydania (P)
    • Köln :
    • b
    • Nazwa wydawcy (P)
    • Kiepenheuer & Witsch,
    • c
    • Data wydania (P)
    • 1995.
300 -Strefa opisu fizycznego [ , ]
    • a
    • Określenie formy książki i/lub objętość (NP)
    • 174, [1] strona ;
    • c
    • Format (NP)
    • 21 cm.
336 -Typ zawartości [ , ]
    • a
    • Termin opisujący typ zawartości
    • Tekst
    • b
    • Kod określający zawartość
    • txt
    • 2
    • Źródło (terminu i kodu)
    • rdacontent
337 -Typ mediów [ , ]
    • a
    • Tryb odtwarzania
    • Bez urządzenia pośredniczącego
    • b
    • Kod typu mediów
    • n
    • 2
    • Źródło (terminu i kodu)
    • rdamedia
338 -Typ/rodzaj nośnika [ , ]
    • a
    • Hasło opisujące typ nośnika
    • Wolumin
    • b
    • Kod typu nośnika
    • nc
    • 2
    • Źródło (terminu i kodu)
    • rdacarrier
080 -Uniwersalna Klasyfikacja Dziesiętna [ , ]
    • a
    • Symbol klasyfikacji
    • 830(091)-31"19"Böll H.=30
080 -Uniwersalna Klasyfikacja Dziesiętna [ , ]
    • a
    • Symbol klasyfikacji
    • :82.03=30
600 -Hasło przedmiotowe w formie nazwy osobowej [1,7]
    • a
    • Nazwa osobowa
    • Böll, Heinrich
    • d
    • Daty związane z nazwą
    • (1917-1985)
    • x
    • Określnik rzeczowy
    • krytyka i interpretacja.
    • 2
    • Źródło terminu
    • kaba
    • 9
    • KHW
    • 377739
600 -Hasło przedmiotowe w formie nazwy osobowej [1,7]
    • a
    • Nazwa osobowa
    • Böll, Heinrich
    • d
    • Daty związane z nazwą
    • (1917-1985).
    • t
    • Tytuł
    • Frauen vor Flusslandschaft
    • 2
    • Źródło terminu
    • kaba
    • 9
    • KHW
    • 652941
980 -Symbol UKD [ , ]
    • a
    • UKD
    • 830(091)-31"19"Böll H.:82.03]=30
700 -Hasło dodatkowe - nazwa osobowa [1, ]
    • a
    • Nazwa osobowa (NP)
    • Bernáth, Árpád Find
    • d
    • Daty biograficzne (NP)
    • (1941- ).
    • e
    • Określenie rodzaju współpracy
    • Redakcja
    • 9
    • KHW
    • 652849
710 -Hasło dodatkowe - nazwa ciała zbiorowego [2, ]
    • a
    • Nazwa ciała zbiorowego lub nazwa geograficzna jako pierwszy element (NP)
    • Verlag Kiepenheuer & Witsch.
    • e
    • Rodzaj współpracy
    • Wydawca
    • 4
    • Kod relacji
    • pbl
    • 9
    • KHW
    • 78681
920 -ISBN [ , ]
    • a
    • ISBN
    • 3-462-02438-8 Find
Status udost. Sygnatura Numer inwentarzowy Data inwentaryzacji Lokalizacja
-3Germ. Literaturozn. – Böll 08G.162652002-03-11BM